Heads or Tails? Quiz Stats

 Plays Quiz Updated Sep 19, 2018

Support Sporcle.
Go Orange.
Score 0/60 Timer 01:00
30 Plays Today
Coin Toss (H)eads or (T)ails? % Correct
6???
54.4%
50???
54.3%
18???
54.3%
30???
54.3%
15???
54.3%
1???
54.3%
5???
54.3%
20???
54.3%
11???
54.2%
19???
54.3%
13???
54.2%
24???
54.2%
36???
54.2%
3???
54.2%
55???
54.2%
56???
54.2%
38???
54.2%
49???
54.1%
58???
54.2%
21???
54.1%
41???
54.1%
46???
54.1%
26???
54.1%
34???
54.1%
29???
54.1%
43???
54.1%
9???
54.1%
32???
54.1%
37???
54%
60???
46.3%
Coin Toss (H)eads or (T)ails? % Correct
7???
43.1%
25???
43.1%
39???
43.1%
45???
43.1%
53???
43.1%
10???
43.1%
42???
43.1%
14???
43.1%
31???
43%
23???
43%
27???
43%
57???
43%
12???
43%
2???
43%
4???
43%
22???
43%
40???
43%
47???
43%
17???
42.9%
59???
42.9%
35???
42.9%
44???
42.9%
51???
42.9%
48???
42.9%
33???
42.9%
16???
42.9%
52???
42.9%
8???
42.9%
28???
42.9%
54???
42.9%

You're not logged in!

Compare scores with friends on all Sporcle quizzes.
OR
Log In

From the Vault

Find the Countries of Europe by Capital

by bhenderson79

There's a party at Sporcle HQ, and Eu're all invited.
Remove Ads.
Support Sporcle.
Get the best of Sporcle when you Go Orange. This ad-free experience offers more features, more stats, and more fun while also helping to support Sporcle. Thank you for becoming a member.

Show Comments

Extras

Top Quizzes Today


Score Distribution

Your Account Isn't Verified!

In order to create a playlist on Sporcle, you need to verify the email address you used during registration. Go to your Sporcle Settings to finish the process.

Report this User

Report this user for behavior that violates our Community Guidelines.

Details: